| 000 | 01053nam a2200241 a 4500 | ||
|---|---|---|---|
| 001 | 000038906 | ||
| 005 | 20201002031420.0 | ||
| 008 | 130502s1979 dr ab 001 0 spa d | ||
| 040 |
_aDO-SdBNP _bspa _cBNPHU |
||
| 082 |
_a910 _bV743m, 1979 |
||
| 100 | 1 |
_aVincent Cepeda, Rosa Amelia _91213 |
|
| 245 | 1 | 0 |
_aManual de geografía universal y especial de América : _bprimer curso de educación media (7° curso) / _cRosa Amelia Vincent Cepeda. |
| 250 | _a[2ª ed.] | ||
| 260 |
_aSanto Domingo : _bAmigo del Hogar, _c1979. |
||
| 300 |
_a223 p. : _bil., mapas ; _c23 cm. |
||
| 500 | _aEn la portada: Desarrollo del programa oficial de la reforma. | ||
| 504 | _aBibliografía: p.223. | ||
| 505 | 0 |
_tLa tierra como parte del sistema solar -- _tCaracterísticas físicas de la tierra -- _tEl hombre de la tierra. ECUMENE -- _tAmérica, un mundo de grandes contrastes. _gBibliografía. |
|
| 650 | 4 |
_aGeografía universal _xEnseñanza _965153 |
|
| 650 | 4 |
_aGeografía física _xEnseñanza _965154 |
|
| 910 | _aValidado. Control de la calidad EMS | ||
| 049 | _aBNPD | ||
| 999 |
_c38396 _d38396 |
||